Adab Ki Nasay Rad-e-Tashkeel / (Record no. 523813)

000 -LEADER
fixed length control field 00470nam a22001697a 4500
003 - CONTROL NUMBER IDENTIFIER
control field NUST
038 ## - RECORD CONTENT LICENSOR
Staff Name waseem
082 ## - DEWEY DECIMAL CLASSIFICATION NUMBER
Classification number 891.439
Author Mark RAI
100 ## - MAIN ENTRY--PERSONAL NAME
Personal name Riaz, Fahmida
9 (RLIN) 14584
245 ## - TITLE STATEMENT
Title Adab Ki Nasay Rad-e-Tashkeel /
Statement of responsibility, etc. Fahmida Riaz
260 ## - PUBLICATION, DISTRIBUTION, ETC.
Place of publication, distribution, etc. Karachi :
Name of publisher, distributor, etc. Wada Kitab Gar,
Date of publication, distribution, etc. 2006.
300 ## - PHYSICAL DESCRIPTION
Extent 175 p. ;
500 ## - GENERAL NOTE
General note Hardcover.
880 ## - ALTERNATE GRAPHIC REPRESENTATION
Linkage 100-02\r
Title فہمیدہ ریاض
880 ## - ALTERNATE GRAPHIC REPRESENTATION
Linkage 245-02\r
Title ادب کی نساھی ردِ تشکیل ۔ /
942 ## - ADDED ENTRY ELEMENTS (KOHA)
Source of classification or shelving scheme
Koha item type Book
Holdings
Withdrawn status Lost status Source of classification or shelving scheme Damaged status Not for loan Permanent Location Current Location Date acquired Total Checkouts Full call number Barcode Date last seen Price effective from Koha item type
          Central Library (CL) Central Library (CL) 05/29/2019   891.439 RAI CL-E-1860 05/29/2019 05/29/2019 Book
© 2023 Central Library, National University of Sciences and Technology. All Rights Reserved.